| 000 | 00962nam a22003014i 4500 | ||
|---|---|---|---|
| 999 |
_c46311 _d46311 |
||
| 001 | 19954 | ||
| 003 | CO-MdFUSB | ||
| 005 | 20180622073201.0 | ||
| 008 | 180326s1940 enk||||g |||| 00| 0 eng d | ||
| 040 |
_aCO-MdFUSB _bspa _cCO-MdFUSB _dCO-MdFUSB _erda |
||
| 041 | _aeng | ||
| 082 |
_224 _aG 228.07 _bK46r |
||
| 100 | 1 |
_aKiddle, Martin _eautor |
|
| 242 | 3 |
_aLa revelación de San Juan _lInglés |
|
| 245 | 0 | 4 |
_aThe Revelation of St. John _c/ Martin Kiddle |
| 264 | 1 |
_aLondon : _bHodder and Stoughton, _c[1940] |
|
| 300 |
_axlix, 460 páginas _c23 cm. |
||
| 336 |
_2rdacontent _atexto _btxt |
||
| 337 |
_2rdamedia _asin mediación _bn |
||
| 338 |
_2rdacarrier _avolumen _bnc |
||
| 490 | _aThe Moffatt New Testament Commentary | ||
| 501 | _aIncluye índice (p. 459-460) | ||
| 505 | 0 | 0 | _aIntroducción al libro de Apocalipsis -- Comentario sobre el texto |
| 563 | _aPasta dura | ||
| 630 | 0 | 7 |
_aBiblia. _pApocalipsis |
| 942 | _cBK | ||